000 00619nam a2200181Ia 4500
005 20250508165154.0
008 008 250505s9999 xx 000 0 eng d
037 _aTextual
040 _aFEDL
_beng
_cFEDL
041 _aeng
_2eng
084 _a370.7, NCT
_qFEDL
245 0 _aDemand and supply estimates of school teachers and teacher educators (2007-08 - 2016-17). Uttar Pradesh
245 0 _cNATIONAL COUNCIL FOR TEACHER EDUCATION
260 _aNew Delhi, India
_bNational Council for Teacher Education
_c2009
300 _axxx, 184p.
942 _cTEXL
_h370.7, NCT
999 _c1393568
_d1393568